Online
Catalog

Reader's digest condensed books : (Record no. 15891)

MARC details
000 -CABECERA
campo de control de longitud fija 00728cam a2200217 a 4500
001 - NÚMERO DE CONTROL
campo de control 000016356
005 - FECHA Y HORA DE LA ÚLTIMA TRANSACCIÓN
campo de control 20230519124857.0
008 - DATOS DE LONGITUD FIJA--INFORMACIÓN GENERAL
campo de control de longitud fija 740726s1956 nyua 001 0 eng d
040 ## - FUENTE DE LA CATALOGACIÓN
Centro catalogador/agencia de origen DO-SdBNP
Centro/agencia transcriptor OClU
Centro/agencia modificador DLC
-- OCoLC
-- DLC
-- NST
-- DLC
-- BNPHU
040 ## - FUENTE DE LA CATALOGACIÓN
Centro catalogador/agencia de origen DO-SdBNP
082 ## - NÚMERO DE LA CLASIFICACIÓN DECIMAL DEWEY
Número de clasificación 808.08
Número de documento/Ítem R286d, 1956
245 00 - MENCIÓN DE TÍTULO
Título Reader's digest condensed books :
Resto del título autumn selections.
250 ## - MENCIÓN DE EDICIÓN
Mención de edición 5a ed.
260 ## - PUBLICACIÓN, DISTRIBUCIÓN, ETC.
Lugar de publicación, distribución, etc. Pleasantville, New York :
Nombre del editor, distribuidor, etc. The Reader's Digst Association,
Fecha de publicación, distribución, etc. 1956.
300 ## - DESCRIPCIÓN FÍSICA
Extensión II. :
Otras características físicas il. ;
Dimensiones 20 cm.
490 1# - MENCIÓN DE SERIE
Mención de serie L'evolution de l'humanité
500 ## - NOTA GENERAL
Nota general La biblioteca posee el volumen 2.
650 #4 - PUNTO DE ACCESO ADICIONAL DE MATERIA--TÉRMINO DE MATERIA
Término de materia o nombre geográfico como elemento de entrada Cuentos
Subdivisión general Colecciones
9 (RLIN) 8799
830 #0 - PUNTO DE ACCESO ADICIONAL DE SERIE-TÍTULO UNIFORME
Título uniforme L'evolution de l'humanité.
9 (RLIN) 5383
910 ## - DATOS DE OPCIÓN DEL USUARIO (OCLC)
Datos de opción del usuario Catalogación por copia / LC

No items available.

Powered by Koha